[Event "41st Rubinstein Mem Open A"]
[Site "Polanica Zdroj POL"]
[Date "2005.08.22"]
[Round "4"]
[White "Bulski,K"]
[Black "Zawadzka,J"]
[Result "1/2-1/2"]
[WhiteElo "2260"]
[BlackElo "2402"]

1.e4 c5 2.Nc3 Nc6 3.Bb5 Nd4 4.Bc4 g6 5.Nge2 Bg7 6.Nxd4 cxd4 7.Qf3 Nf6 8.Nb5 d5
9.exd5 Ng4 10.c3 Ne5 11.Qe2 d3 12.Bxd3 a6 13.Na3 Bg4 14.Qe3 Nxd3+ 15.Qxd3 e5
16.Nc4 O-O 17.Ne3 Bd7 18.O-O f5 19.f4 exf4 20.Rxf4 g5 21.Rf2 f4 22.Nf1 Bf5
23.Qf3 Qd7 24.d4 Rae8 25.Bd2 Be4 26.Qh5 Qxd5 27.Re1 Bg6 28.Qf3 Be4 29.Qh5 Re6
30.h4 h6 31.Nh2 Rfe8 32.Rfe2 Bg6 33.Qg4 Rxe2 34.Rxe2 Rxe2 35.Qxe2 Qxa2 36.hxg5 hxg5
37.Nf3 Qb1+ 38.Be1 Qf5 39.Ne5 Be8 40.Qd3 Qxd3 41.Nxd3 Kf7 42.g3 Bb5 43.Nc5 b6
44.Ne4 Kg6 45.gxf4 gxf4 46.Bd2 Bc6 47.Nd6 Kg5 48.Nc4 b5 49.Ne5 Be4 50.Nd7 a5
51.Ne5 Kf5 52.Kf2 Bf6 53.Nf3 Bd5 54.c4 bxc4 55.Bxa5 Bf7 56.Bc3 Bh5 57.Ne5 Bh4+
58.Kf1 Ke4 59.Nxc4 Bg4 60.Ne5 Bh3+ 61.Ke2 Bg2 62.b4 f3+ 63.Nxf3 Bxf3+ 64.Kd2  1/2-1/2

[Event "41st Rubinstein Mem Open A"]
[Site "Polanica Zdroj POL"]
[Date "2005.08.22"]
[Round "4"]
[White "Majcher,M"]
[Black "Flasinski,M"]
[Result "0-1"]
[WhiteElo "2107"]
[BlackElo "2176"]

1.e4 c5 2.Nf3 Nc6 3.Nc3 e5 4.Bc4 Be7 5.d3 d6 6.Nd2 Bg5 7.O-O Nh6 8.Nd5 O-O
9.f4 Bg4 10.Nf3 exf4 11.Qe1 Bxf3 12.Rxf3 Nd4 13.Qd1 Nxf3+ 14.Qxf3 Kh8 15.Bxf4 f5
16.Bxg5 Qxg5 17.Nc7 fxe4 18.Qxe4 Qf6 19.d4 d5 20.Qxd5 Rad8 21.Qxc5 b6 22.Qe5 Qf2+
23.Kh1 Ng4 24.Qe2 Qf4  0-1

[Event "Masters"]
[Site "Abu Dhabi UAE"]
[Date "2005.08.23"]
[Round "9"]
[White "Faisal,Ab"]
[Black "Amer,Moh"]
[Result "1/2-1/2"]
[WhiteElo "2175"]
[BlackElo "2223"]

1.e4 c5 2.Nf3 Nc6 3.Nc3 g6 4.Bb5 Bg7 5.O-O Nd4 6.Nxd4 cxd4 7.Ne2 Qb6 8.Bd3 e6
9.c3 dxc3 10.dxc3 Ne7 11.Qc2 O-O  1/2-1/2

[Event "41st Rubinstein Mem Open A"]
[Site "Polanica Zdroj POL"]
[Date "2005.08.23"]
[Round "5"]
[White "Radovanovic,J"]
[Black "Zawadzki,S"]
[Result "1/2-1/2"]
[WhiteElo "2357"]
[BlackElo "2396"]

1.e4 c5 2.Nc3 Nc6 3.Nge2 d6 4.d4 cxd4 5.Nxd4 Nf6 6.Bg5 e6 7.Qd2 a6 8.O-O-O Bd7
9.f4 h6 10.Bh4 g5 11.fxg5 Ng4 12.Be2 Nge5 13.Nxc6 Bxc6 14.g3 Be7 15.gxh6 Bxh4
16.gxh4 Qxh4 17.Qxd6 Qf4+ 18.Kb1 Ng6 19.Qd4 Qe5 20.Qb6 Rc8 21.Qe3 Qf4 22.Qd4 Qe5
23.Qxe5 Nxe5 24.Rhg1 Nd7 25.Rdf1 Rxh6 26.Rg7 Ne5 27.Rg5 f6 28.Rg7 Rd8 29.Rf2 Rd7
30.Rg8+ Ke7 31.b3 Kd6 32.Bg4 Nxg4 33.Rxg4 Rdh7 34.Rgf4 Ke5 35.Kb2 Bd7 36.a4 f5
37.exf5 exf5 38.Rb4 Bc6 39.Rc4 Rxh2 40.Rc5+ Kd6 41.Rcxf5 Rxf2 42.Rxf2 a5
43.Nb1 b6 44.Na3 Rh5 45.Nc4+ Kc5 46.Rf4 Bd5 47.Ne3 Be6 48.Re4 Kd6 49.Nc4+ Bxc4
50.Rxc4 Rh3 51.Rc3 Rh4 52.Rg3 Kc6 53.c3 Kb7 54.Ka3 Rf4 55.b4 axb4+ 56.cxb4 Rh4
57.Kb3 Rf4 58.Kc3 Rh4 59.Rg7+ Kb8 60.Re7 Rg4 61.Re3 Kc7 62.Rd3 Kc6 63.Rd4 Rg1
64.Rh4 Rc1+ 65.Kb2 Rg1 66.Rh6+ Kb7 67.Rd6 Rg3 68.Rd2 Rh3 69.Rc2 Rg3 70.Rc3 Rg4
71.Kb3 Rh4  1/2-1/2

[Event "Rudenko mem"]
[Site "St Petersburg RUS"]
[Date "2005.08.23"]
[Round "4"]
[White "Donets,V"]
[Black "Shumiakina,T"]
[Result "1/2-1/2"]
[WhiteElo "2237"]
[BlackElo "2328"]

1.e4 c5 2.Nc3 Nc6 3.Nge2 Nf6 4.d4 cxd4 5.Nxd4 e5 6.Ndb5 d6 7.Bg5 a6 8.Na3 b5
9.Bxf6 gxf6 10.Nd5 f5 11.Bxb5 axb5 12.Nxb5 Ra4 13.b4 Qh4 14.O-O Rg8 15.c3 f4
16.Nbc7+ Kd8 17.Qxa4 Rxg2+ 18.Kxg2 Qg4+ 19.Kh1 Qf3+  1/2-1/2

[Event "2nd Dato' Arthur Tan Malaysian Open"]
[Site "Kuala Lumpur MAS"]
[Date "2005.08.24"]
[Round "9"]
[White "Mariano,N1"]
[Black "Kunte,A"]
[Result "1/2-1/2"]
[WhiteElo "2466"]
[BlackElo "2561"]

1.e4 c5 2.Ne2 Nc6 3.Nbc3 e6 4.g3 d5 5.exd5 exd5 6.Bg2 d4 7.Nd5 Nf6 8.Nef4 Nxd5
9.Nxd5 Bd6 10.d3 O-O 11.O-O Re8 12.a3 Be6 13.Nf4 Bd7 14.h3 a5 15.a4 Rc8 16.b3 b6
17.Bd2 Ne5 18.Nd5 Bc6 19.f4 Nd7 20.c4 dxc3 21.Bxc3 Bxd5 22.Bxd5 Bc7 23.Qh5 Rf8
24.Bc4 Bxf4  1/2-1/2

[Event "13th Open"]
[Site "Nikaia GRE"]
[Date "2005.08.24"]
[Round "3"]
[White "Khetsuriani,B"]
[Black "Petraki,M"]
[Result "1-0"]
[WhiteElo "2382"]
[BlackElo "2102"]

1.e4 c5 2.Nc3 Nc6 3.Nf3 d6 4.d4 cxd4 5.Nxd4 Nf6 6.Be2 e5 7.Nf3 h6 8.O-O Be7
9.h3 O-O 10.Re1 Be6 11.Bf1 Qd7 12.Nd5 Bd8 13.c4 Nh7 14.Be3 Ng5 15.Nxg5 hxg5
16.c5 dxc5 17.Bxc5 Re8 18.Qa4 f6 19.Red1 Qf7 20.b4 Rc8 21.Rac1 Nd4 22.Bxd4 Rxc1
23.Rxc1 exd4 24.Qxa7 f5 25.Qxd4 fxe4 26.Bc4 Qg6 27.Re1 Bf7 28.a4 Kh8 29.a5 Qf5
30.Ne3 Qf4 31.Qd7 Bg6 32.Qxb7 Rf8 33.Rf1 Bc7 34.g3 Qe5 35.Qd5 Qe7 36.Qe6 Qxe6
37.Bxe6 Rb8 38.Ra1 Be5 39.Ra2  1-0

[Event "VIII Bancpost & Ciuc-Premium B"]
[Site "Miercurea Ciuc ROM"]
[Date "2005.08.25"]
[Round "6"]
[White "Biro,Zo"]
[Black "Kokosi,D"]
[Result "1/2-1/2"]
[WhiteElo "1965"]
[BlackElo "1659"]

1.e4 c5 2.Nf3 Nc6 3.Nc3 e5 4.Nd5 d6 5.h3 Nf6 6.d3 Be6 7.Bg5 Be7 8.Bxf6 Bxf6
9.Nd2 Bxd5 10.exd5 Ne7 11.Qf3 Qb6 12.Nc4 Qc7 13.a4 O-O 14.Be2 Rad8 15.Qe4 b6
16.O-O Ng6 17.g3 Qd7 18.Kh2 Ne7 19.Bg4 Qb7 20.c3 Qxd5 21.Qe2 Qb7 22.a5 b5
23.a6 Qc7 24.Na5 Nc6 25.Nb7 Rb8  1/2-1/2

[Event "Iranian Super League"]
[Site "Iran IRI"]
[Date "2005.08.26"]
[Round "9"]
[White "Guseinov,G"]
[Black "Agamaliev,G"]
[Result "1/2-1/2"]
[WhiteElo "2573"]
[BlackElo "2512"]

1.e4 c5 2.Nf3 Nc6 3.Nc3 e5 4.Bc4 Be7 5.d3 Nf6 6.Ng5 O-O 7.f4 exf4 8.Bxf4 d6
9.O-O h6 10.Nf3 Be6 11.Nd5 Bxd5 12.exd5 Na5 13.Nh4 Nxc4 14.dxc4 Nxd5 15.Qxd5 Bxh4
16.Bxd6 Be7 17.Be5 Qxd5 18.cxd5 Rad8 19.c4 Bd6 20.Bxd6 Rxd6 21.Rae1 Rd7 22.Kf2 g6
23.Ke3 Re8+ 24.Kd2 Kf8 25.Rxe8+ Kxe8 26.Re1+ Re7 27.Rxe7+ Kxe7 28.Ke3 f5
29.Kf4 Kf6 30.g4 g5+ 31.Kf3 f4 32.Ke4 Ke7  1/2-1/2

[Event "Caissa IM August II"]
[Site "Kecskemet HUN"]
[Date "2005.08.26"]
[Round "13"]
[White "Knudsen,JesW"]
[Black "Kragelj,I"]
[Result "0-1"]
[WhiteElo "2038"]
[BlackElo "2230"]

1.e4 c5 2.Nc3 Nc6 3.Bb5 Nd4 4.Bc4 e6 5.Nf3 Nf6 6.O-O a6 7.d3 b5 8.Bb3 Nxb3
9.axb3 b4 10.e5 bxc3 11.exf6 Qxf6 12.bxc3 Qxc3 13.Ra2 Qf6 14.Bb2 Qh6 15.Ra4 Be7
16.Qa1 O-O 17.Rg4 f6 18.Qa4 Rb8 19.Bc3 Qh5 20.Rh4 Qg6 21.Rg4 Qf7 22.Qf4 d6
23.Rg3 e5 24.Qd2 Bd7 25.Re1 Rbe8 26.Ra1 Bc8 27.Ra4 Kh8 28.Qe2 Bd8 29.Ba5 Bd7
30.Ra2 Be7 31.Bd2 Bc8 32.Ra4 d5 33.Rh4 Bd6 34.Ne1 e4 35.Re3 g5 36.Rh6 Bf4
37.dxe4 Bxe3 38.Qxe3 Rxe4 39.Qxc5 Kg7 40.Rh3 Bxh3 41.gxh3 Qe6 42.Ng2 Rc8
43.Qa7+ Qf7 44.Qxa6 Rxc2 45.Qd3 Rc8 46.Ne3 Qd7 47.b4 Rb8 48.Kg2 Qe6 49.f3 Rxe3
50.Bxe3 Rxb4 51.Bd4 Ra4 52.Qd2 h6 53.Kg3 Rxd4 54.Qxd4 Qe5+ 55.Qxe5 fxe5 56.h4 Kg6
57.hxg5 Kxg5 58.Kf2 Kf4 59.Ke2 h5 60.Kf2 h4 61.Ke2 h3 62.Kf2 d4 63.Ke2 d3+
64.Kf2 d2 65.Ke2 d1=Q+ 66.Kxd1 Kxf3 67.Ke1 Kg2 68.Ke2 Kxh2 69.Kf2 e4 70.Ke3 Kg2
71.Kxe4 h2 72.Kd5 h1=Q 73.Kd6 Qh5 74.Ke6 Qg5 75.Kd6 Qf5 76.Kc6 Kf3 77.Kd6 Ke4
78.Kc6 Kd4 79.Kd6 Qe5+ 80.Kd7 Kd5 81.Kc8 Qe7 82.Kb8  0-1

[Event "41st Rubinstein Mem Open A"]
[Site "Polanica Zdroj POL"]
[Date "2005.08.26"]
[Round "8"]
[White "Bulski,K"]
[Black "Bindrich,F"]
[Result "1/2-1/2"]
[WhiteElo "2260"]
[BlackElo "2391"]

1.e4 c5 2.Nc3 Nc6 3.Bb5 Nd4 4.Bc4 e6 5.Nge2 Nf6 6.O-O a6 7.a4 d5 8.exd5 exd5
9.Ba2 Bd6 10.d3 O-O 11.Nxd4 cxd4 12.Ne2 Qb6 13.Bb3 Be6 14.Bf4 Bc5 15.a5 Qd8  1/2-1/2

[Event "Rudenko mem"]
[Site "St Petersburg RUS"]
[Date "2005.08.26"]
[Round "7"]
[White "Sudakova,I"]
[Black "Zdebskaja,N"]
[Result "1/2-1/2"]
[WhiteElo "2360"]
[BlackElo "2390"]

1.e4 c5 2.Nc3 Nc6 3.Bb5 Nd4 4.Bc4 g6 5.Nf3 Bg7 6.Nxd4 cxd4 7.Qf3 Nh6 8.Ne2 O-O
9.d3 Ng4 10.Bb3 d6 11.Qg3 Nf6 12.f4 Nd7 13.f5 Nc5 14.Bc4 e6 15.O-O d5 16.exd5 exf5
17.b4 Nd7 18.Bb2 Nb6 19.Bxd4 Bxd4+ 20.Nxd4 Nxd5 21.Nxf5 Bxf5 22.Rxf5 Qb6+
23.Kh1 Ne3 24.Rf4 Nxc4 25.Rxc4 Rac8 26.Qg4 Rxc4 27.Qxc4 Qf2 28.Qc5 Qxc5 29.bxc5 Rc8
30.d4 b6 31.cxb6 axb6 32.Rc1 Ra8 33.Kg1 Rxa2 34.Kf2 f5 35.Ke3 Kf7 36.Kd3 Ke7
37.Rb1 Ra6 38.Rb2 Kd6 39.c3 Kc6 40.Re2 Kd6 41.g3 Ra1 42.Rb2 Kc6 43.Re2 Kd6
44.Rb2 Kc6 45.Re2  1/2-1/2

[Event "BDO Masters"]
[Site "Haarlem NED"]
[Date "2005.08.27"]
[Round "1"]
[White "Afek,Y"]
[Black "Abeln,M"]
[Result "1-0"]
[WhiteElo "2389"]
[BlackElo "2355"]

1.e4 c5 2.Nc3 Nc6 3.Nge2 d6 4.d4 cxd4 5.Nxd4 Nf6 6.Bc4 e6 7.Bb3 a6 8.Be3 Na5
9.Qe2 Bd7 10.f4 Qc7 11.g4 Nxb3 12.axb3 e5 13.Nf5 g6 14.g5 gxf5 15.gxf6 Bc6
16.fxe5 O-O-O 17.Qf2 Bxe4 18.Nxe4 fxe4 19.O-O-O d5 20.Qf5+ Qd7 21.Rhf1 Bb4
22.Rxd5 Qxf5 23.Rxd8+ Kxd8 24.Rxf5  1-0

[Event "41st Rubinstein Mem Open A"]
[Site "Polanica Zdroj POL"]
[Date "2005.08.28"]
[Round "10"]
[White "Bulski,K"]
[Black "Zawadzki,S"]
[Result "1-0"]
[WhiteElo "2260"]
[BlackElo "2396"]

1.e4 c5 2.Nc3 Nc6 3.Bb5 Na5 4.Nf3 a6 5.Be2 e6 6.O-O b5 7.d4 cxd4 8.Nxd4 Bb7
9.a3 Qc7 10.f4 d6 11.Kh1 Nf6 12.Qe1 Be7 13.e5 dxe5 14.fxe5 Nd7 15.Bf4 O-O
16.Qg3 Kh8 17.Rae1 Nc4 18.Bg4 Qb6 19.b3 Nxa3 20.Be3 Bc5 21.Rd1 Qc7 22.Nce2 Rae8
23.Bh5 g6 24.Bg4 Kg8 25.Bf4 b4 26.Rd3 Be4 27.Re3 Bxd4 28.Qh4 Qb7 29.Rf2 f5
30.exf6 Rxf6 31.Rh3 Re7 32.Bf3 Bxf3 33.Rfxf3 Ref7 34.Bg5 Rxf3 35.Rxf3 Rxf3  1-0

[Event "4th Open"]
[Site "Lahijan IRI"]
[Date "2005.08.29"]
[Round "5"]
[White "Pashikian,A"]
[Black "Mamedov,Rau"]
[Result "1/2-1/2"]
[WhiteElo "2442"]
[BlackElo "2521"]

1.e4 c5 2.Nc3 Nc6 3.Nf3 g6 4.d4 cxd4 5.Nxd4 Bg7 6.Be3 d6 7.Bc4 Nf6 8.f3 O-O
9.Qd2 Nd7 10.Bb3 Nb6 11.Nd5 Nxd5 12.Bxd5 Qc7 13.O-O-O Bd7 14.h4 Rfc8 15.Nb5 Qa5
16.Qxa5 Nxa5 17.Nxa7 Re8 18.b4  1/2-1/2

[Event "BDO Challengers"]
[Site "Haarlem NED"]
[Date "2005.08.31"]
[Round "5"]
[White "Van den Berg,Ad"]
[Black "Dek,L"]
[Result "0-1"]
[WhiteElo "2298"]
[BlackElo "2203"]

1.e4 c5 2.Nc3 Nc6 3.Nge2 Nf6 4.g3 d5 5.Bg2 d4 6.Nd5 Nxd5 7.exd5 Nb4 8.Nf4 Bf5
9.d3 Qd7 10.a3 Na6 11.O-O g6 12.Re1 Bg7 13.Bd2 O-O 14.h3 h5 15.c4 Rab8 16.b4 b6
17.Kh2 Nc7 18.Be4 Rfe8 19.Rb1 Bxe4 20.Rxe4 Na6 21.Qe2 b5 22.cxb5 Rxb5 23.Re1 Rb7
24.Nxh5 gxh5 25.Qxh5 e5 26.dxe6 Rxe6 27.bxc5 Rb2 28.Rxe6 fxe6 29.c6 Qxc6
30.Rc1 Qd7 31.Qa5 Qf7 32.Kg1 Qf5 33.Qd8+ Qf8 34.Qd7 Nc5 35.Rxc5 Qxc5 36.Qxe6+ Kh8
37.Bb4 Qh5 38.g4 Qh6 39.Qe8+ Kh7 40.Kg2 Qg6 41.Qb5 Qf7  0-1

[Event "Paul Keres Mem A"]
[Site "Tallinn EST"]
[Date "2005.08.31"]
[Round "2"]
[White "Raud,R"]
[Black "Zavoronkov,V"]
[Result "0-1"]
[WhiteElo "2356"]
[BlackElo "2374"]

1.e4 c5 2.Nf3 Nc6 3.Nc3 d6 4.Bb5 e5 5.Ne2 Nf6 6.Ng3 Be7 7.c3 Qa5 8.Ba4 O-O
9.O-O Re8 10.Re1 Bf8 11.h3 g6 12.d3 Bg7 13.Bb3 Be6 14.Bxe6 Rxe6 15.Bg5 Rd8
16.Qb3 Qa6 17.c4 Rb8 18.a4 Qa5 19.Nf1 Nd4 20.Nxd4 exd4 21.Qc2 Qc7 22.Bd2 Nd7
23.b4 Rf8 24.Ng3 cxb4 25.Bxb4 Be5 26.Bd2 Bxg3 27.fxg3 f5 28.exf5 Rxe1+ 29.Rxe1 Rxf5
30.g4 Rf7 31.Bh6 Ne5 32.Kh1 Qe7 33.g5 Ng4 34.Rb1 Ne3 35.Qb2 Qe5 36.a5 Qg3
37.Rg1 Ng4  0-1

[Event "Paul Keres Mem A"]
[Site "Tallinn EST"]
[Date "2005.08.31"]
[Round "2"]
[White "Kulaots,K"]
[Black "Smirnov,Arte"]
[Result "1-0"]
[WhiteElo "2570"]
[BlackElo "2405"]

1.e4 c5 2.Nf3 Nc6 3.Nc3 d6 4.d4 cxd4 5.Nxd4 Nf6 6.Bg5 e6 7.Qd2 Be7 8.O-O-O Qb6
9.Be3 Ng4 10.Ndb5 Nxe3 11.Qxe3 Qxe3+ 12.fxe3 O-O 13.Nxd6 Ne5 14.Rd4 a6 15.a4 Ng4
16.Nd1 e5 17.Nxc8 Raxc8 18.Rd7 Bg5 19.Rxb7 Bxe3+ 20.Nxe3 Nxe3 21.Bxa6 Nxc2
22.Kb1 Nd4 23.Rc1 Ra8 24.Rb6 g6 25.a5 Rfd8 26.b4 Nb3 27.Rc2 Rd1+ 28.Kb2 Nd4
29.Bb7 Rd8 30.Rf2 f5 31.a6 fxe4 32.Bxe4 Re1 33.a7  1-0

[Event "BDO Challengers"]
[Site "Haarlem NED"]
[Date "2005.09.03"]
[Round "8"]
[White "Van den Berg,Ad"]
[Black "Duchene,R"]
[Result "1/2-1/2"]
[WhiteElo "2298"]
[BlackElo "2219"]

1.Nf3 c5 2.e4 Nc6 3.Nc3 g6 4.d4 cxd4 5.Nxd4 Bg7 6.Be3 Nf6 7.Bc4 O-O 8.Bb3 d6
9.f3 Bd7 10.Qe2 Qa5 11.Rd1 Nxd4 12.Bxd4 Bc6 13.O-O b5 14.Nd5 Bxd5 15.exd5 Rfe8
16.f4 Nd7 17.Bxg7 Kxg7 18.h4 h5 19.g3 Rac8 20.Rd3 Qb6+ 21.Kg2 a5 22.c3 a4
23.Bd1 Rc5 24.Qd2 f5 25.Re1 Nf6 26.Bf3 Qc7 27.a3 Rc4 28.Re6 Kf7 29.Rde3 Qb7
30.Kg1 Rc5 31.Rd3 Qa7 32.Ree3 Rc4 33.Kg2 Rec8 34.Qe1 R8c7 35.Rd2 Qb7 36.Rd1 R4c5
37.Red3 Rc4 38.Qe6+ Kf8 39.Rd4 Qc8 40.Qe3 Rxd4 41.Rxd4 Rc5 42.Qd3 Qb7 43.Kf2 Qa7
44.Ke2 Qb7 45.Kd2 Kf7 46.Kc2 Kf8 47.Kb1 Kf7 48.Qd1 Kf8 49.Rb4 Qd7 50.Qd3 Kf7
51.Ka2 Kf8 52.Qd1 Qa7 53.Qd4 Qd7 54.c4 bxc4 55.Rxc4 Rxc4 56.Qxc4 Qa7 57.Bd1 Qg1
58.Bxa4 Qxg3 59.Qc8+  1/2-1/2

[Event "Paul Keres Mem B"]
[Site "Tallinn EST"]
[Date "2005.09.04"]
[Round "9"]
[White "Shlykov,V"]
[Black "Asauskas,H"]
[Result "1/2-1/2"]
[WhiteElo "2213"]
[BlackElo "2348"]

1.e4 c5 2.Nc3 Nc6 3.Nge2 g6 4.d4 cxd4 5.Nxd4 Bg7 6.Be3 d6 7.Bc4 Nf6 8.f3 O-O
9.Qd2 Bd7 10.O-O-O Ne5 11.Bb3 Rc8  1/2-1/2

[Event "TCh-POL Ekstraliga"]
[Site "Lubniewice POL"]
[Date "2005.09.06"]
[Round "4"]
[White "Macieja,B"]
[Black "Skalski,M"]
[Result "1-0"]
[WhiteElo "2593"]
[BlackElo "2334"]

1.e4 c5 2.Nc3 Nc6 3.Bb5 Nd4 4.Bc4 Nf6 5.Nge2 d6 6.d3 a6 7.a4 e6 8.Nxd4 cxd4
9.Ne2 e5 10.c3 dxc3 11.bxc3 Be7 12.Qb3 O-O 13.O-O Nd7 14.f4 Nc5 15.Qb1 Qc7
16.Ng3 Be6 17.Bxe6 Nxe6 18.f5 Nf4 19.Bxf4 exf4 20.Ne2 d5 21.exd5 Qc5+ 22.d4 Qxd5
23.Nxf4 Qc6 24.Qb3 Rad8 25.Rf3 Bd6 26.Raf1 Rfe8 27.Nh3 Re2 28.f6 g6 29.Nf2 h5
30.Nd3 Qe4 31.Qc4 Re8 32.Nf2 Qh4 33.g3 Qg5 34.Nh3 Qg4 35.Nf4 Re1 36.Rxe1 Rxe1+
37.Kg2 Bxf4 38.Rxf4 Re2+ 39.Kf1  1-0

[Event "IX Taca BCX"]
[Site "Brasiliat BRA"]
[Date "2005.09.09"]
[Round "8"]
[White "Lima,Da"]
[Black "Lucena,L"]
[Result "1-0"]
[WhiteElo "2535"]
[BlackElo "2184"]

1.e4 c5 2.Nf3 Nc6 3.Nc3 Nf6 4.Bb5 d6 5.e5 dxe5 6.Nxe5 Bd7 7.Bxc6 Bxc6 8.Nxc6 bxc6
9.O-O e6 10.Qf3 Rc8 11.d3 Be7 12.Bg5 Nd5 13.Bxe7 Qxe7 14.Ne4 O-O 15.Rfe1 Rfd8
16.Re2 Rb8 17.b3 a5 18.a4 Rb4 19.g3 Rb7 20.Nd2 Ra7 21.Rae1 Nc3 22.Re5 Rd5
23.Nc4 Qc7 24.Qg4 Ra8 25.f4 Rxe5 26.Rxe5 Nd5 27.Qe2 g6 28.Qd2 h5 29.Kf1 Kg7
30.h4 Qd8 31.Ke1 Kh7 32.Qf2 Qe7 33.Kd2 f6 34.Re1 Kg7 35.Kc1 Kf7 36.Kb2 Ra6
37.Rg1 Ra8 38.Re1 Ra7 39.Nd2 Ra8 40.Ne4 Re8 41.Nxc5 Qa7 42.d4 Qb6 43.Qd2 Nc7
44.Re2 Rd8 45.f5 gxf5 46.Qh6 Rd6 47.Qxh5+ Kg7 48.g4 f4 49.g5 Nd5 50.gxf6+ Kxf6
51.Qe5+ Ke7 52.Rg2 Qb4 53.Qg7+  1-0

[Event "zt 2.3"]
[Site "Guayaquil ECU"]
[Date "2005.09.09"]
[Round "7"]
[White "Perez,Lu"]
[Black "Santos Flores,A"]
[Result "1-0"]
[WhiteElo "2430"]
[BlackElo "2344"]

1.e4 c5 2.Nf3 Nc6 3.Nc3 g6 4.d4 cxd4 5.Nxd4 Bg7 6.Be3 Nf6 7.Bc4 O-O 8.Bb3 d6
9.f3 Bd7 10.Qd2 Rc8 11.O-O-O Ne5 12.h4 h5 13.Kb1 a5 14.a4 Nc4 15.Bxc4 Rxc4
16.b3 Rc8 17.Ndb5 Be6 18.Bd4 d5 19.exd5 Bf5 20.Be5 Qd7 21.Rhe1 Rc5 22.Bd4 Rfc8
23.Bxc5 Rxc5 24.Re2 Ne8 25.Qe3 Rxb5 26.Nxb5 Bf6 27.Red2 Nc7 28.Qc5 Nxb5 29.axb5 Bxh4
30.d6 e6 31.Rd4 Bf6 32.Rc4 e5 33.Qc8+  1-0

[Event "IX Taca BCX"]
[Site "Brasiliat BRA"]
[Date "2005.09.10"]
[Round "10"]
[White "Lucena,L"]
[Black "Nascimento,D"]
[Result "1-0"]
[WhiteElo "2184"]
[BlackElo "2153"]

1.e4 c5 2.Nf3 Nc6 3.Nc3 e5 4.Bc4 Be7 5.d3 d6 6.h3 a6 7.a4 Be6 8.Nd5 h6 9.c3 Nf6
10.Be3 O-O 11.Ra3 Na5 12.Ba2 Nxd5 13.exd5 Bf5 14.b4 c4 15.dxc4 Be4 16.bxa5 f5
17.Bb6 Qe8 18.c5 Kh8 19.c4 Rc8 20.O-O Qg6 21.Bb1 Bxf3 22.Rxf3 dxc5 23.Rg3 Qf6
24.Qh5 g5 25.Rf3 f4 26.Re1 Bd6 27.Qg6 Qxg6 28.Bxg6 Kg7 29.Bh5 Kf6 30.Rb3 Ra8
31.f3 Rg8 32.Kf1 Rg7 33.Reb1 Re7 34.Re1 Kg7 35.Re4 Kf6 36.Ke2 Kf5 37.Ba7 b5
38.axb5 Rb7 39.Kd3 Kf6 40.Rb1 Rd8 41.Ree1 Ra8 42.Ke4 Rd8 43.Rh1 Rh8 44.h4 gxh4
45.Rxh4 Kg5 46.Rg4+ Kf6 47.Rg6+  1-0

[Event "TCh-FIN 2005-6"]
[Site "Helsinki FIN"]
[Date "2005.09.10"]
[Round "1"]
[White "Nouro,M"]
[Black "Parkkinen,J"]
[Result "1-0"]
[WhiteElo "2343"]
[BlackElo "2211"]

1.e4 c5 2.Nf3 Nc6 3.Nc3 Nf6 4.Bb5 Nd4 5.e5 Nxb5 6.Nxb5 Nd5 7.Ng5 f6 8.Qh5+ g6
9.Qf3 fxg5 10.Qxd5 e6 11.Nd6+ Bxd6 12.Qxd6 Qe7 13.Qxe7+ Kxe7 14.d4 h6 15.dxc5 b6
16.Be3 Bb7 17.cxb6 axb6 18.Bxb6 Rhc8 19.O-O Rxc2 20.Bd4 Bd5 21.a3 Bb3 22.Bc3 Ba4
23.Rac1 Rxc1 24.Rxc1 Bc6 25.Rd1 Rb8 26.f3 Bd5 27.Rd4 Rc8 28.Kf2 h5 29.h3 d6
30.exd6+ Kxd6 31.Rb4 Rc4 32.Rxc4 Bxc4 33.g4 hxg4 34.fxg4 Kd5 35.Bf6 Ke4 36.Bxg5 Bb3
37.Kg3 e5 38.Bf6 Kd5 39.Bg7 Ke6 40.Kh4 e4 41.Kg5 Kf7 42.Bd4 Ba4 43.b4 Bc6
44.h4 Ba4 45.h5 gxh5 46.gxh5  1-0

[Event "49th TCh-ESP Honor Final"]
[Site "Merida ESP"]
[Date "2005.09.10"]
[Round "1"]
[White "Movsesian,S"]
[Black "Eljanov,P"]
[Result "1/2-1/2"]
[WhiteElo "2645"]
[BlackElo "2639"]

1.e4 c5 2.Nc3 Nc6 3.Nf3 e5 4.Bc4 d6 5.d3 Be7 6.Nd2 Nf6 7.Nf1 Bg4 8.f3 Be6
9.Ne3 O-O 10.O-O Nh5 11.g3 Bg5 12.Ncd5 Bxe3+ 13.Bxe3 Na5 14.Qd2 Nxc4 15.dxc4 Bxd5
16.Qxd5 Qe7 17.Rad1 Rad8 18.Rf2 Nf6 19.Qd3 h6 20.Rfd2 Rd7  1/2-1/2

[Event "TCh-FIN 2005-6"]
[Site "Tampere FIN"]
[Date "2005.09.11"]
[Round "2"]
[White "Lampen,T"]
[Black "Parkkinen,J"]
[Result "1-0"]
[WhiteElo "2340"]
[BlackElo "2211"]

1.e4 c5 2.Nf3 Nc6 3.Nc3 Nf6 4.d4 cxd4 5.Nxd4 e5 6.Ndb5 h6 7.Nd6+ Bxd6 8.Qxd6 Qe7
9.Qxe7+ Kxe7 10.b3 d6 11.Ba3 a6 12.O-O-O Rd8 13.Nd5+ Nxd5 14.exd5 Nb8 15.Re1 f6
16.f4 Nd7 17.g4 b5 18.Rg1 Bb7 19.g5 hxg5 20.h4 Bxd5 21.hxg5 Bf7 22.gxf6+ gxf6
23.Rg7 Rg8 24.Bxd6+ Kxd6 25.Rxf7 Ke6 26.Rh7 Nf8 27.Rh6 Kf5 28.Bh3+ Kxf4 29.Rxf6+ Kg5
30.Rf5+ Kh4 31.Rh1 Rg3 32.Bf1+ Kg4 33.Rxe5 Ng6 34.Reh5 Nf4 35.R1h4+ Kf3 36.Rf5 Rg4
37.Be2+  1-0

[Event "ch-Arab"]
[Site "Dubai UAE"]
[Date "2005.09.12"]
[Round "1"]
[White "Tissir,M"]
[Black "Bengafer,M"]
[Result "1-0"]
[WhiteElo "2444"]
[BlackElo "2247"]

1.e4 c5 2.Nc3 Nc6 3.Bb5 Nd4 4.Bc4 e6 5.Nf3 Nf6 6.O-O a6 7.d3 b5 8.Bb3 Nxb3
9.axb3 Bb7 10.e5 Nd5 11.Ne4 Be7 12.d4 cxd4 13.Qxd4 O-O 14.Bd2 f5 15.Nd6 Bxd6
16.exd6 Rc8 17.c4 Nf6 18.Ne5 Ne4 19.Bb4 Ng5 20.Bc3 Nh3+ 21.Kh1 Qg5 22.f3 Nf4
23.Rf2 Nh5 24.Nxd7 f4 25.Nxf8 Rxf8 26.d7 Ng3+ 27.hxg3 Qh6+ 28.Kg1 fxg3  1-0

[Event "EYg18"]
[Site "Herceg Novi SCG"]
[Date "2005.09.14"]
[Round "1"]
[White "Lomako,A"]
[Black "Videnova,I"]
[Result "1-0"]
[WhiteElo "2249"]
[BlackElo "2050"]

1.e4 c5 2.Nc3 Nc6 3.Bb5 g6 4.Bxc6 dxc6 5.d3 Bg7 6.Be3 b6 7.Qd2 h5 8.f4 Nh6
9.h3 f6 10.Nf3 O-O 11.O-O-O Nf7 12.Nh4 Nh8 13.Qe2 e5 14.f5 g5 15.Nf3 Qe7
16.Kb1 Bd7 17.Rdf1 Be8 18.Nd2 Rb8 19.g3 Bf7 20.Rh2 Rfd8 21.Nb3 Bf8 22.Rhf2 Be8
23.Rd1 Qh7 24.Nd2 Nf7 25.Nf3 Rd7 26.Rff1 Be7 27.Rd2 Nd6 28.Bxg5 fxg5 29.Nxe5 Rc7
30.f6 Bd8 31.Qe3 Qh6 32.Rdf2 Nf7 33.Nxf7 Kxf7 34.e5 Bd7 35.h4 Qg6 36.Ne4 gxh4
37.e6+ Bxe6 38.Ng5+ Kg8 39.Qxe6+ Kh8 40.f7 Qxe6 41.f8=Q+ Qg8 42.Qh6+ Rh7
43.Nxh7 Be7 44.Ng5+  1-0

[Event "EYb18"]
[Site "Herceg Novi SCG"]
[Date "2005.09.14"]
[Round "1"]
[White "Tukhaev,A"]
[Black "Hambartsumian,Y"]
[Result "1-0"]
[WhiteElo "2438"]
[BlackElo "2186"]

1.e4 c5 2.Nf3 Nc6 3.Nc3 g6 4.Bb5 Bg7 5.O-O Nd4 6.Nxd4 cxd4 7.Ne2 Nf6 8.d3 a6
9.Ba4 b5 10.Bb3 Qb6 11.f3 O-O 12.Qe1 Bb7 13.Qf2 e5 14.Bd2 d5 15.a4 a5 16.axb5 Qxb5
17.Ra4 Ra6 18.Rfa1 Rfa8 19.Qe1 Bf8 20.Rxa5 Rxa5 21.Rxa5 Rxa5 22.Bxa5 dxe4
23.fxe4 Bxe4 24.dxe4 d3 25.Nc1 dxc2 26.h3 Bh6 27.Bd2 Qb6+ 28.Kh2 Bxd2 29.Qxd2 Nxe4
30.Qd5 Ng5 31.h4 Ne6 32.Qxe5 Qf2 33.Bxe6 fxe6 34.Qxe6+ Kf8 35.Qd6+ Kf7 36.Qd5+ Kg7
37.Qe5+ Kf7 38.Qg5 Qd4 39.b3 Qc3 40.Qf4+ Ke7 41.g3 Kd7 42.Kg2 Kc6 43.Qc4+ Qxc4
44.bxc4 Kc5 45.Kf3 Kxc4 46.Ke4 Kc3 47.Ke3 Kc4 48.Kf4 Kd4 49.Kg5 Ke4 50.g4 h5
51.gxh5 gxh5 52.Kxh5 Kf5 53.Kh6 Kf6 54.h5 Kf7 55.Kg5 Kg7 56.h6+ Kf7 57.Nd3 Kf8
58.Kg6 Kg8 59.h7+  1-0

[Event "EYb18"]
[Site "Herceg Novi SCG"]
[Date "2005.09.15"]
[Round "2"]
[White "Pashikian,A"]
[Black "Llaneza Vega,M"]
[Result "1/2-1/2"]
[WhiteElo "2442"]
[BlackElo "2351"]

1.e4 c5 2.Nc3 Nc6 3.Nf3 Nf6 4.Bb5 Qc7 5.O-O Nd4 6.Re1 a6 7.Bf1 Ng4 8.g3 Nxf3+
9.Qxf3 Ne5 10.Qg2 e6 11.d3 Be7 12.f4 Nc6 13.f5 d6 14.Qf2 Bf6 15.Bh3 Bd7 16.Ne2 O-O-O
17.Nf4 Rde8 18.c3 h5 19.Be3 Ne5 20.fxe6 fxe6 21.b4 g5 22.Ng6 Nxg6 23.Qxf6 Ne5
24.Rf1 g4 25.Bg2 Nxd3 26.Qg7 Reg8 27.Qe7 Re8 28.Qg7 Reg8 29.Qe7 Re8  1/2-1/2

[Event "EYb16"]
[Site "Herceg Novi SCG"]
[Date "2005.09.15"]
[Round "2"]
[White "Roitman,L"]
[Black "Djuric,Neb"]
[Result "1/2-1/2"]
[WhiteElo "1920"]
[BlackElo "2139"]

1.e4 c5 2.Nc3 Nc6 3.Bb5 g6 4.Bxc6 dxc6 5.d3 Bg7 6.Be3 b6 7.f4 e5 8.fxe5 Bxe5
9.Nf3 Bg7 10.Qd2 Nf6 11.Bh6 O-O 12.h3 Re8 13.Bxg7 Kxg7 14.O-O-O Be6 15.g4 Qc7
16.Ng5 Rad8 17.Qh2 Qxh2 18.Nxe6+ Rxe6 19.Rxh2 c4 20.g5 Ne8 21.dxc4 Rxd1+
22.Kxd1 Nd6 23.Re2 Nxc4 24.b3 Ne5 25.Re3 f6 26.gxf6+ Rxf6 27.Ke2 g5 28.Nd1 h5
29.Rg3 Rg6 30.Nf2 Kf6 31.Nd3 c5 32.Ke3 Nxd3 33.cxd3 Ke5 34.Rf3 Rf6 35.Rg3 Rg6
36.Rf3 Rf6  1/2-1/2

[Event "ProMoPro Open"]
[Site "Prague CZE"]
[Date "2005.09.16"]
[Round "2"]
[White "Kuba,J"]
[Black "Tejkal,J"]
[Result "1-0"]
[WhiteElo "2206"]
[BlackElo "2033"]

1.e4 c5 2.Nf3 Nc6 3.Nc3 d6 4.d4 cxd4 5.Nxd4 Nf6 6.Be2 e5 7.Nb3 Be6 8.Bf3 a5
9.a4 Nb4 10.O-O Be7 11.Qe2 O-O 12.Rd1 Qc8 13.Be3 Nd7 14.Bg4 Bxg4 15.Qxg4 f5
16.exf5 Nf6 17.Qf3 Qc6 18.Qe2 d5 19.Bg5 d4 20.Nb5 Qxc2 21.Qxe5 Qxb3 22.Qxe7 Rae8
23.Qxb7 d3 24.Nd4 Qxb2 25.Ne6 Rf7 26.Qb5 Rc8 27.Rab1 Qe2 28.Bxf6 gxf6 29.Qxa5 Rb7
30.Nf4 Qc2 31.Nxd3 Nxd3 32.Qd5+ Kh8 33.Qxb7 Qxf2+ 34.Kh1 Qc5 35.Rxd3  1-0